000 00611nam a2200193Ia 4500
005 20250508160330.0
008 008 250505s9999 xx 000 0 eng d
037 _aBooks to be hide in OPAC
040 _aFEDL
_beng
_cFEDL
041 _aeng
_2eng
084 _a371.97, SRI/O
_qFEDL
100 _aSrivastava L R N
245 3 _aAn integrated and comparative study of a selected tribal community living in contiguous areas
245 0 _cNational Council of Educational Research and Training
260 _c1971
300 _a86p.
942 _cHB
_h371.97, SRI/O
999 _c1363755
_d1363755